| 000 | 00942nam0a22002291 4500 | ||
|---|---|---|---|
| 001 | rc\2759213 | ||
| 005 | 20250529151708.0 | ||
| 035 | _a(NLR Aleph) 006885874 | ||
| 090 |
_a7095425 _c7095425 |
||
| 100 | _a20110915f19401949|||y0rusy50 ca | ||
| 101 | 0 | _arus | |
| 102 | _aRU | ||
| 105 | _ay z ||||| | ||
| 200 | 1 |
_aСпецификация (для справок) легких цветных металлов, применяемых в авиационной промышленности _eПо состоянию на 1-е мая 1943 г. _fВсесоюз. науч.-исслед. ин-т авиационных материалов ВИАМ |
|
| 210 |
_aМосква _cОборонгиз _d194? |
||
| 215 |
_a13 с. _d30 см. |
||
| 710 | 0 | 2 |
_aВНИИ авиационных материалов _9347410 _3RU\NLR\AUTH\889925800 |
| 801 | 0 |
_aRU _bNLR _gpsbo |
|
| 801 | 1 |
_aRU _bELAR _2rusmarc |
|
| 852 |
_aNLR _jТ30 Г-8/13 |
||
| 942 | _cBOOK | ||
| 980 | _aNB | ||